Statistics for Speedy Numbers!

Click here to take the quiz!

General Stats

  • This quiz has been taken 705 times
  • The average score is 45 of 100

Answer Stats

HintAnswer% Correct
1
100%
2
98%
3
98%
4
97%
5
97%
8
97%
9
97%
7
96%
6
95%
10
91%
11
91%
12
90%
13
88%
14
87%
15
87%
16
87%
17
87%
18
86%
19
85%
21
85%
20
84%
23
84%
22
83%
24
82%
25
82%
26
81%
27
79%
28
79%
29
77%
30
74%
31
74%
33
72%
34
72%
32
71%
35
69%
36
68%
37
67%
38
66%
39
65%
40
61%
41
57%
42
55%
44
54%
43
51%
45
51%
46
48%
47
47%
48
43%
49
42%
51
39%
50
38%
52
36%
55
35%
53
33%
54
32%
56
31%
57
27%
59
27%
58
26%
60
23%
62
22%
61
21%
63
18%
66
16%
64
15%
65
15%
67
13%
69
11%
71
11%
72
11%
68
10%
70
10%
77
10%
73
9%
74
9%
78
9%
82
7%
88
7%
99
7%
100
6%
75
6%
76
6%
79
6%
83
6%
90
6%
91
6%
92
6%
93
6%
80
5%
81
5%
84
5%
89
5%
87
4%
94
4%
95
4%
98
4%
85
3%
86
3%
96
3%
97
3%

Score Distribution

Percentile by Number Answered

Percent of People with Each Score

Your Score History

You have not taken this quiz